The Major prophets : (Record no. 4277)

MARC details
000 -LEADER
fixed length control field 01055cam a2200277 a 4500
001 - CONTROL NUMBER
control field 3768066
003 - CONTROL NUMBER IDENTIFIER
control field GBCCL
005 - DATE AND TIME OF LATEST TRANSACTION
control field 20241126110515.0
008 - FIXED-LENGTH DATA ELEMENTS--GENERAL INFORMATION
fixed length control field 830407r1983 tnub b 000 0 eng
010 ## -
-- 83007090
020 ## - INTERNATIONAL STANDARD BOOK NUMBER
International Standard Book Number 0687192358 (pbk.)
040 ## - CATALOGING SOURCE
Original cataloging agency DLC
Transcribing agency DLC
Modifying agency DLC
050 00 -
-- BS491.2
-- .I57 1983 vol. 4
-- BS1505.3
082 00 - DEWEY DECIMAL CLASSIFICATION NUMBER
Classification number 224.07
Edition information 19
Item number MAJ
245 04 - TITLE STATEMENT
Title The Major prophets :
Remainder of title a commentary on Isaiah, Jeremiah, Lamentations, Ezekiel, Daniel /
Statement of responsibility, etc. by Peter R. Ackroyd ... [et al.] ; edited by Charles M. Laymon.
260 ## - PUBLICATION, DISTRIBUTION, ETC.
Place of publication, distribution, etc. Nashville :
Name of publisher, distributor, etc. Abingdon Press,
Date of publication, distribution, etc. c1983.
300 ## - PHYSICAL DESCRIPTION
Extent 352 p. :
Other physical details maps ;
Dimensions 18 cm.
440 #0 - SERIES STATEMENT/ADDED ENTRY--TITLE
Title Interpreter's concise commentary ;
Volume/sequential designation v. 4
9 (RLIN) 8092
500 ## - GENERAL NOTE
General note "Previously published ... as part of the Interpreter's one-volume commentary on the Bible"--T.p. verso.
504 ## - BIBLIOGRAPHY, ETC. NOTE
Bibliography, etc. note Include bibliographies.
630 00 - SUBJECT ADDED ENTRY--UNIFORM TITLE
Uniform title Bible.
Name of part/section of a work Prophets
General subdivision Commentaries.
9 (RLIN) 8093
700 1# - ADDED ENTRY--PERSONAL NAME
Personal name Ackroyd, Peter R.
9 (RLIN) 4708
700 1# - ADDED ENTRY--PERSONAL NAME
Personal name Laymon, Charles M.
9 (RLIN) 6841
906 ## - LOCAL DATA ELEMENT F, LDF (RLIN)
a 7
b cbc
c orignew
d 1
e ocip
f 19
g y-gencatlg
942 ## - ADDED ENTRY ELEMENTS (KOHA)
Source of classification or shelving scheme Dewey Decimal Classification
Koha item type Books
Koha issues (borrowed), all copies 9
Holdings
Withdrawn status Lost status Source of classification or shelving scheme Damaged status Not for loan Home library Current Library Shelving location Date acquired Total checkouts Total renewals Full call number Barcode Date last seen Date last checked out Copy number Price effective from Koha item type
    Dewey Decimal Classification     GRACE BIBLE COLLEGE GRACE BIBLE COLLEGE Biblical Studies 2018-01-17 10 1 224.07 MAJ 003527 2025-05-01 2025-01-20 c.1 2018-01-17 Books
© Grace Bible College Library 2025